[Event "NOR-chT Elite 2324"]
[Site "Norway"]
[Date "2024.02.03"]
[Round "5.44"]
[White "Wallace, John Paul"]
[Black "Adnoy, Hallvard Voll"]
[Result "1-0"]
[WhiteElo "2365"]
[BlackElo "2303"]
[PlyCount "51"]
[EventDate "2023.10.27"]
[EventType "team-tourn"]
[EventRounds "9"]
[EventCountry "NOR"]
[SourceTitle "CBM 219 Extra"]
[Source "ChessBase"]
[SourceDate "2024.05.31"]
[SourceVersion "1"]
[SourceVersionDate "2024.05.31"]
[SourceQuality "1"]
[WhiteTeam "Oslo SK 1911"]
[BlackTeam "Baerum"]
[WhiteTeamCountry "NOR"]
[BlackTeamCountry "NOR"]

1. e4 d6 2. d4 Nf6 3. Nc3 e5 4. Nf3 Nbd7 5. Rg1 c6 6. g4 h6 7. Be3 b5 8. a3 Bb7 9. h4 exd4 10. Nxd4 h5 11. gxh5 Nxh5 12. Be2 g6 13. Qd2 a6 14. 0-0-0 Qc7 15. Bg5 Nhf6 16. h5 c5 17. Ndxb5 axb5 18. Nxb5 Qb6 19. hxg6 fxg6 20. Qf4 Nxe4 21. Bc4 Ne5 22. Rge1 Rh5 23. Rxe4 Rxg5 24. Qf7+ Kd8 25. Qxf8+ Kd7 26. Rxd6+ 1-0

[Event "Oslo Stjernens op"]
[Site "Oslo"]
[Date "2016.06.05"]
[Round "5"]
[White "Adnoy, Hallvard Voll"]
[Black "Gronn, Eskil Ekeland"]
[Result "1/2-1/2"]
[WhiteElo "2252"]
[BlackElo "1871"]
[PlyCount "90"]
[EventDate "2016.06.05"]
[EventType "swiss"]
[EventRounds "6"]
[EventCountry "NOR"]
[SourceTitle "CBM 173 Extra"]
[Source "ChessBase"]
[SourceDate "2016.08.29"]
[SourceVersion "1"]
[SourceVersionDate "2016.08.29"]
[SourceQuality "1"]

1. e4 c5 2. c3 e6 3. d4 cxd4 4. cxd4 d5 5. e5 Bb4+ 6. Nc3 Nc6 7. Nf3 Nge7 8. Bd3 0-0 9. 0-0 h6 10. Bc2 b6 11. Qd3 Ng6 12. h4 Bxc3 13. bxc3 a5 14. Re1 Ba6 15. Qd1 Nxh4 16. Nxh4 Qxh4 17. Re3 f5 18. Rh3 Qg4 19. f3 Qg6 20. Bf4 Kf7 21. g4 Ke7 22. Qc1 b5 23. Rg3 Qf7 24. gxf5 exf5 25. Qa3+ b4 26. Qa4 Rfc8 27. e6 Kxe6 28. Re1+ Kd7 29. Re5 g6 30. Bb3 Bc4 31. Bxc4 dxc4 32. d5 g5 33. dxc6+ Rxc6 34. Qb5 gxf4 35. Rg2 Rg8 36. Rd5+ Kc7 37. Qxa5+ Rb6 38. Qc5+ Kb7 39. cxb4 Rxg2+ 40. Kxg2 Qg7+ 41. Kh1 Qa1+ 42. Kh2 Qg7 43. Kh1 Qa1+ 44. Kh2 Qg7 45. Kh1 Qa1+ 1/2-1/2

[Event "NOR-chT 1415"]
[Site "Norway"]
[Date "2015.03.08"]
[Round "11.6"]
[White "Leer Salvesen, Bjarte"]
[Black "Adnoy, Hallvard Voll"]
[Result "1/2-1/2"]
[WhiteElo "2355"]
[BlackElo "2232"]
[PlyCount "114"]
[EventDate "2014.10.31"]
[EventType "team-tourn"]
[EventRounds "11"]
[EventCountry "NOR"]
[SourceTitle "EXT 2016"]
[Source "ChessBase"]
[SourceDate "2015.10.08"]
[SourceVersion "1"]
[SourceVersionDate "2015.10.08"]
[SourceQuality "1"]
[WhiteTeam "SOSS"]
[BlackTeam "Black Knights"]
[WhiteTeamCountry "NOR"]
[BlackTeamCountry "NOR"]

1. c4 d6 2. g3 e5 3. Bg2 Nf6 4. Nc3 Be7 5. Nf3 0-0 6. 0-0 c6 7. Qc2 Bg4 8. h3 Bh5 9. Rd1 Nbd7 10. d4 Qc7 11. Nh4 Rfe8 12. g4 Bg6 13. e4 a6 14. Be3 Rac8 15. f4 exf4 16. Bxf4 c5 17. Nxg6 hxg6 18. e5 dxe5 19. dxe5 Nxe5 20. Bh2 Bd6 21. g5 Nfd7 22. Ne4 Re6 23. Rd2 Bf8 24. Rad1 Nb6 25. b3 Qe7 26. Kh1 Rc7 27. a4 Rd7 28. a5 Rxd2 29. Qxd2 Nbxc4 30. bxc4 Nxc4 31. Qf4 Nxa5 32. Bg1 Nb3 33. Nc3 Nd4 34. Nd5 Qd6 35. Bxd4 cxd4 36. Qxd4 Qg3 37. Qf4 Re1+ 38. Rxe1 Qxe1+ 39. Qf1 Qe5 40. Qf4 Qe1+ 41. Kh2 Bc5 42. h4 b5 43. Kh3 b4 44. Be4 b3 45. h5 Bd6 46. Qf3 gxh5 47. g6 fxg6 48. Bxg6 Qe6+ 49. Bf5 Qe5 50. Kh4 b2 51. Qb3 Kf8 52. Qf3 Kg8 53. Qb3 Kf8 54. Bg6 Qh2+ 55. Kg5 Qe5+ 56. Kh4 Qh2+ 57. Kg5 Qe5+ 1/2-1/2

[Event "NOR-chT 1314"]
[Site "Norway"]
[Date "2013.11.03"]
[Round "3.3"]
[White "Adnoy, Hallvard Voll"]
[Black "Johansen, Terje"]
[Result "1-0"]
[WhiteElo "2262"]
[BlackElo "2230"]
[PlyCount "131"]
[EventDate "2013.11.01"]
[EventType "team-tourn"]
[EventRounds "9"]
[EventCountry "NOR"]
[SourceTitle "EXT 2014"]
[Source "ChessBase"]
[SourceDate "2013.11.20"]
[SourceVersion "1"]
[SourceVersionDate "2013.11.20"]
[SourceQuality "1"]
[WhiteTeam "Black Knights"]
[BlackTeam "SOSS"]
[WhiteTeamCountry "NOR"]
[BlackTeamCountry "NOR"]

1. e4 c6 2. d4 d5 3. exd5 cxd5 4. c4 Nf6 5. Nc3 e6 6. cxd5 Nxd5 7. Nf3 Be7 8. Bd3 Nc6 9. 0-0 0-0 10. Re1 Ncb4 11. Bb1 Nf6 12. a3 Nbd5 13. Ne5 Qb6 14. Qd3 Rd8 15. Re2 Kf8 16. Ba2 h6 17. Nxd5 Nxd5 18. Bxh6 Bf6 19. Bc1 Ne7 20. Nf3 Nf5 21. Be3 Bd7 22. Rd2 Bb5 23. Qb3 Rac8 24. a4 Bc4 25. Qxb6 axb6 26. Bxc4 Rxc4 27. g4 Nxe3 28. fxe3 Ra8 29. g5 Be7 30. Ne5 Rcxa4 31. Rf1 Ra1 32. Rdf2 Bxg5 33. Rxf7+ Kg8 34. R7f3 Rxf1+ 35. Kxf1 Ra1+ 36. Ke2 Rc1 37. Rf2 Bh4 38. Rg2 b5 39. Kd3 Be7 40. Rc2 Rxc2 41. Kxc2 Bd6 42. Nf3 Kf7 43. Kd3 Kf6 44. Ke4 b4 45. h3 g6 46. b3 Bf8 47. d5 Bc5 48. Nd4 exd5+ 49. Kxd5 Be7 50. Ne6 g5 51. e4 Kg6 52. Nd4 Kh5 53. Nf5 Bf8 54. e5 Kg6 55. Ke6 b6 56. Nd6 Bg7 57. Nc8 Kh5 58. Kf5 Kh4 59. e6 Bf8 60. e7 Bxe7 61. Nxe7 Kxh3 62. Kxg5 Kg3 63. Kf5 Kf3 64. Nd5 Ke2 65. Ke4 Kd2 66. Kd4 1-0

[Event "Vienna op 18th"]
[Site "Vienna"]
[Date "2013.08.22"]
[Round "6"]
[White "Froewis, Georg"]
[Black "Adnoy, Hallvard Voll"]
[Result "1-0"]
[WhiteElo "2432"]
[BlackElo "2256"]
[PlyCount "97"]
[EventDate "2013.08.17"]
[EventType "swiss"]
[EventRounds "9"]
[EventCountry "AUT"]
[SourceTitle "CBM 156 Extra"]
[Source "ChessBase"]
[SourceDate "2013.10.22"]
[SourceVersion "1"]
[SourceVersionDate "2013.10.22"]
[SourceQuality "1"]

1. c4 g6 2. g3 Bg7 3. Bg2 e5 4. Nc3 Nc6 5. e3 d6 6. Nge2 h5 7. Rb1 h4 8. b4 h3 9. Bf3 f5 10. d3 g5 11. 0-0 Nf6 12. Nd5 Nxd5 13. Bxd5 Ne7 14. Bh1 0-0 15. f4 Ng6 16. b5 Rb8 17. fxe5 dxe5 18. Ba3 Rf6 19. Nc3 g4 20. Bd5+ Kh7 21. Qe1 Bd7 22. e4 f4 23. c5 a6 24. bxa6 Rxa6 25. Bc1 Qe7 26. gxf4 exf4 27. Bxf4 Nxf4 28. Rxf4 Qxc5+ 29. Kh1 Qxc3 30. Qxc3 Bxc3 31. Rf7+ Kg6 32. Rxd7 c6 33. Bf7+ Kh6 34. Rg1 Rb6 35. Rd6+ Kg7 36. Bb3 Rf8 37. Rxg4+ Kh7 38. Rh4+ Kg7 39. Rxh3 Rb5 40. Rg3+ Kh7 41. Kg2 Be5 42. Rd7+ Kh6 43. Rh3+ Kg6 44. d4 Bf4 45. e5 Rf5 46. Rd8 Bxe5 47. dxe5 Rfxe5 48. Rg8+ Kf5 49. Rf3+ 1-0

[Event "NOR-chT 1213"]
[Site "Norway"]
[Date "2013.04.06"]
[Round "8"]
[White "Adnoy, Hallvard Voll"]
[Black "Stenersen, Gudmund"]
[Result "1-0"]
[WhiteElo "2263"]
[BlackElo "2201"]
[PlyCount "83"]
[EventDate "2012.11.02"]
[EventType "team-tourn"]
[EventRounds "9"]
[EventCountry "NOR"]
[SourceTitle "EXT 2014"]
[Source "ChessBase"]
[SourceDate "2013.11.20"]
[SourceVersion "1"]
[SourceVersionDate "2013.11.20"]
[SourceQuality "1"]
[WhiteTeam "Black Knights"]
[BlackTeam "SOSS"]
[WhiteTeamCountry "NOR"]
[BlackTeamCountry "NOR"]

1. d4 d5 2. c4 e6 3. Nc3 Nf6 4. cxd5 exd5 5. Bg5 Nbd7 6. e3 Bb4 7. Nge2 c6 8. a3 Be7 9. h3 0-0 10. Qc2 Ne8 11. Bf4 Nd6 12. g4 Re8 13. Ng3 a6 14. Bd3 Nf8 15. 0-0-0 Nb5 16. Nf5 Bxf5 17. Bxf5 Bd6 18. Ne2 Bxf4 19. Nxf4 Nd6 20. h4 Nxf5 21. gxf5 Nd7 22. Rdg1 Nf6 23. Rh3 Kh8 24. Rhg3 Rg8 25. f3 Qe7 26. Qf2 Rae8 27. Nd3 Nd7 28. Re1 Qd6 29. e4 dxe4 30. fxe4 f6 31. h5 h6 32. Nf4 c5 33. d5 Ne5 34. Reg1 c4 35. Qg2 Re7 36. Ne6 Nd3+ 37. Kb1 Nf4 38. Qd2 Nxe6 39. fxe6 Qe5 40. d6 Qxe4+ 41. Ka1 Rxe6 42. d7 1-0

[Event "NOR-chT 1213"]
[Site "Norway"]
[Date "2012.11.03"]
[Round "2"]
[White "Laverton, Christian"]
[Black "Adnoy, Hallvard Voll"]
[Result "1/2-1/2"]
[WhiteElo "2096"]
[BlackElo "2263"]
[PlyCount "54"]
[EventDate "2012.11.02"]
[EventType "team-tourn"]
[EventRounds "9"]
[EventCountry "NOR"]
[SourceTitle "EXT 2013"]
[Source "ChessBase"]
[SourceDate "2012.11.22"]
[SourceVersion "1"]
[SourceVersionDate "2012.11.22"]
[SourceQuality "1"]
[WhiteTeam "Trondheim"]
[BlackTeam "Black Knights"]
[WhiteTeamCountry "NOR"]
[BlackTeamCountry "NOR"]

1. d4 Nf6 2. c4 d6 3. Nc3 Nbd7 4. Nf3 c6 5. e4 e5 6. Be2 Be7 7. 0-0 0-0 8. Be3 a6 9. d5 c5 10. Ne1 Rb8 11. Qc2 Ne8 12. g3 Nc7 13. a4 Nf6 14. f4 Ng4 15. Bxg4 Bxg4 16. fxe5 dxe5 17. Nd3 Bd6 18. Nxc5 b5 19. axb5 axb5 20. b3 Qc8 21. Nd3 bxc4 22. bxc4 Na6 23. Na4 Bh3 24. Rfc1 Qg4 25. Nc3 Nb4 26. Nxb4 Bxb4 27. Qe2 Qg6 1/2-1/2

[Event "Oslo Sveins op 5th"]
[Site "Oslo"]
[Date "2012.06.22"]
[Round "5"]
[White "Christiansen, Johan Sebastian"]
[Black "Adnoy, Hallvard Voll"]
[Result "1-0"]
[WhiteElo "1995"]
[BlackElo "2286"]
[PlyCount "110"]
[EventDate "2012.06.22"]
[EventType "swiss"]
[EventRounds "9"]
[EventCountry "NOR"]
[SourceTitle "CBM 149 Extra"]
[Source "ChessBase"]
[SourceDate "2012.08.24"]
[SourceVersion "1"]
[SourceVersionDate "2012.08.24"]
[SourceQuality "1"]

1. c4 Nf6 2. Nc3 d6 3. g3 e5 4. Bg2 c6 5. e4 Be7 6. Nge2 0-0 7. 0-0 a6 8. d3 b5 9. b3 Bb7 10. h3 b4 11. Na4 c5 12. Be3 Nc6 13. f4 Nd7 14. f5 Bg5 15. Bf2 h5 16. h4 Bh6 17. Be1 Be3+ 18. Bf2 Bxf2+ 19. Rxf2 Nf6 20. Qd2 Kh7 21. Nb2 a5 22. Rb1 Rh8 23. Rff1 Nd4 24. Nxd4 cxd4 25. Rf3 Bc6 26. Nd1 Nd7 27. Nf2 f6 28. g4 hxg4 29. Nxg4 Kg8 30. Rh3 Kf7 31. h5 Ke7 32. h6 Qg8 33. Kf2 g6 34. Rg3 g5 35. Bf3 Qf7 36. Rbg1 Nc5 37. Ke2 Kd8 38. Rh1 Kc7 39. h7 Nd7 40. Rgh3 Raf8 41. Rh6 Qe7 42. Nf2 Rf7 43. a3 Rfxh7 44. Rxh7 Rxh7 45. axb4 Rxh1 46. Nxh1 axb4 47. Qxb4 Nc5 48. Qa5+ Kb7 49. b4 Na4 50. b5 Nc3+ 51. Kf2 Be8 52. Ng3 Kb8 53. Qb6+ Kc8 54. Bh5 Bd7 55. Qa7 Qf8 1-0

[Event "NOR-chT Clubs"]
[Site "Drammen"]
[Date "2010.10.10"]
[Round "5"]
[White "Gabrielsen, Stig"]
[Black "Adnoy, Hallvard Voll"]
[Result "0-1"]
[WhiteElo "2274"]
[BlackElo "2275"]
[PlyCount "76"]
[EventDate "2010.10.08"]
[EventType "team"]
[EventRounds "6"]
[EventCountry "NOR"]
[SourceTitle "EXT 2015"]
[Source "ChessBase"]
[SourceDate "2014.11.20"]
[SourceVersion "1"]
[SourceVersionDate "2014.11.20"]
[SourceQuality "1"]
[WhiteTeam "Bergens"]
[BlackTeam "Black Knights"]
[WhiteTeamCountry "NOR"]
[BlackTeamCountry "NOR"]

1. e4 d6 2. d4 Nf6 3. Nc3 e5 4. Nf3 Nbd7 5. Bc4 Be7 6. 0-0 0-0 7. a4 a5 8. Re1 c6 9. Ba2 Qc7 10. h3 Re8 11. Bg5 h6 12. Bh4 Nf8 13. Bg3 Ng6 14. dxe5 dxe5 15. Nd2 Bc5 16. Qf3 Be6 17. Nc4 Rad8 18. Rad1 Bb4 19. Bb3 Nd7 20. Ne3 Bxb3 21. cxb3 Nc5 22. Nf5 Nxb3 23. Qg4 Bf8 24. h4 Kh7 25. h5 Nf4 26. Rxd8 Rxd8 27. Bxf4 exf4 28. e5 Nc5 29. Qxf4 Nd3 30. Qe4 Nxe1 31. e6 Kg8 32. e7 Bxe7 33. Nxe7+ Kf8 34. Nf5 Re8 35. Qg4 Qe5 36. Ne4 Re6 37. f3 Qxb2 38. Nc5 Nxf3+ 0-1

[Event "Paracin op 3rd"]
[Site "Paracin"]
[Date "2010.07.16"]
[Round "9"]
[White "Adnoy, Hallvard Voll"]
[Black "Rajkovic, Branislav"]
[Result "1-0"]
[WhiteElo "2275"]
[BlackElo "2175"]
[PlyCount "75"]
[EventDate "2010.07.09"]
[EventType "swiss"]
[EventRounds "9"]
[EventCountry "YUG"]
[SourceTitle "CBM 137 Extra"]
[Source "ChessBase"]
[SourceDate "2010.09.01"]
[SourceVersion "1"]
[SourceVersionDate "2010.09.01"]
[SourceQuality "1"]

1. e4 e6 2. Qe2 c5 3. Nf3 Nc6 4. g3 d6 5. Bg2 e5 6. 0-0 Bg4 7. c3 Qd7 8. Na3 Be7 9. Nc4 Nf6 10. Re1 h6 11. d3 0-0 12. Ne3 Bh3 13. Nh4 Rfe8 14. Nhf5 Bxg2 15. Kxg2 Bf8 16. Ng4 Qe6 17. h3 Rad8 18. Qf3 Nxg4 19. hxg4 f6 20. Rh1 c4 21. dxc4 Qxc4 22. b3 Qe6 23. c4 b5 24. g5 hxg5 25. Bxg5 fxg5 26. Qh5 Qf6 27. Qh7+ Kf7 28. Rh6 Be7 29. Rxf6+ Bxf6 30. Qh5+ Ke6 31. Qg4 Kf7 32. cxb5 Nd4 33. Qh5+ Ke6 34. Ne3 Nxb5 35. Rc1 Re7 36. Nd5 Rb7 37. Rc8 Nd4 38. Rxd8 1-0

[Event "Paracin op 3rd"]
[Site "Paracin"]
[Date "2010.07.12"]
[Round "4"]
[White "Ardeleanu, Alin"]
[Black "Adnoy, Hallvard Voll"]
[Result "1-0"]
[WhiteElo "2399"]
[BlackElo "2275"]
[PlyCount "51"]
[EventDate "2010.07.09"]
[EventType "swiss"]
[EventRounds "9"]
[EventCountry "YUG"]
[SourceTitle "CBM 137 Extra"]
[Source "ChessBase"]
[SourceDate "2010.09.01"]
[SourceVersion "1"]
[SourceVersionDate "2010.09.01"]
[SourceQuality "1"]

1. e4 e5 2. Nf3 Nc6 3. Nc3 Nf6 4. d4 exd4 5. Nxd4 Bb4 6. Nxc6 bxc6 7. Bd3 d5 8. exd5 cxd5 9. 0-0 0-0 10. Bg5 c6 11. Qf3 Be7 12. Rae1 h6 13. Bxh6 gxh6 14. Qe3 Bd6 15. Qxh6 Rb8 16. a3 Rb7 17. Re3 Re8 18. Rxe8+ Nxe8 19. Bh7+ Kh8 20. Bf5+ Kg8 21. Qh7+ Kf8 22. Qh8+ Ke7 23. Re1+ Be6 24. Bxe6 fxe6 25. Qh7+ Kf8 26. Qxb7 1-0

[Event "Pardubice Czech op-A"]
[Site "Pardubice"]
[Date "2009.07.29"]
[Round "6"]
[White "Adnoy, Hallvard Voll"]
[Black "Schuh, Dirk"]
[Result "0-1"]
[WhiteElo "2310"]
[BlackElo "2304"]
[PlyCount "96"]
[EventDate "2009.07.24"]
[EventType "swiss"]
[EventRounds "9"]
[EventCountry "CZE"]
[SourceTitle "CBM 131 Extra"]
[Source "ChessBase"]
[SourceDate "2009.09.03"]
[SourceVersion "2"]
[SourceVersionDate "2009.09.16"]
[SourceQuality "1"]

1. d4 Nf6 2. c4 e5 3. dxe5 Ng4 4. e4 Nxe5 5. f4 Ng6 6. Be3 Bb4+ 7. Nc3 Bxc3+ 8. bxc3 Qe7 9. Qd5 d6 10. c5 0-0 11. cxd6 cxd6 12. Nf3 Re8 13. Bd3 Nd7 14. Qd4 Nc5 15. Bc2 Nxe4 16. 0-0 Ng3 17. hxg3 Qxe3+ 18. Qxe3 Rxe3 19. Rae1 Rxe1 20. Rxe1 Kf8 21. Rd1 Ne7 22. Rxd6 Be6 23. Bb3 Nf5 24. Rd3 Bxb3 25. axb3 Nxg3 26. Kf2 Ne4+ 27. Ke3 Nc5 28. Rd5 Re8+ 29. Kd2 Ne6 30. Rb5 b6 31. g3 Nc5 32. Ne5 Ne4+ 33. Kd3 Nxg3 34. Nc6 f6 35. Nd4 g6 36. Rd5 h5 37. Nf3 Nf5 38. Kd2 Ke7 39. Ke2 Rd8 40. Rb5 Rd6 41. Rb4 Rc6 42. Kd2 Kf7 43. Ra4 Rc7 44. Ra1 Kg7 45. Re1 Rd7+ 46. Kc2 Re7 47. Ra1 Kh6 48. b4 g5 0-1

[Event "Pardubice Czech op-A"]
[Site "Pardubice"]
[Date "2009.07.27"]
[Round "4"]
[White "Adnoy, Hallvard Voll"]
[Black "Ni, Viktorija"]
[Result "0-1"]
[WhiteElo "2310"]
[BlackElo "2151"]
[PlyCount "70"]
[EventDate "2009.07.24"]
[EventType "swiss"]
[EventRounds "9"]
[EventCountry "CZE"]
[SourceTitle "CBM 131 Extra"]
[Source "ChessBase"]
[SourceDate "2009.09.03"]
[SourceVersion "2"]
[SourceVersionDate "2009.09.16"]
[SourceQuality "1"]

1. e4 c5 2. d4 cxd4 3. c3 dxc3 4. Nxc3 Nc6 5. Bc4 d6 6. Nge2 Nf6 7. 0-0 e6 8. Ng3 Be7 9. Be3 0-0 10. f4 a6 11. Qe2 b5 12. Bb3 b4 13. Na4 Rb8 14. Rad1 Qa5 15. Bc2 e5 16. h3 exf4 17. Rxf4 Ne5 18. Nf5 Bxf5 19. Rxf5 Qb5 20. Qf2 Qc6 21. Nb6 Bd8 22. Nd5 Nxd5 23. exd5 Qb5 24. Rh5 g6 25. Rh6 f5 26. Kh2 f4 27. Bxf4 Bg5 28. Rh4 Bxh4 29. Qxh4 Qe2 30. Bxe5 Qxc2 31. Qe7 dxe5 32. Qe6+ Rf7 33. Rf1 Qc7 34. d6 Qd7 35. Qc4 Kg7 0-1

[Event "Pardubice Czech op-A"]
[Site "Pardubice"]
[Date "2009.07.25"]
[Round "2"]
[White "Adnoy, Hallvard Voll"]
[Black "Rombaldoni, Denis"]
[Result "0-1"]
[WhiteElo "2310"]
[BlackElo "2465"]
[PlyCount "120"]
[EventDate "2009.07.24"]
[EventType "swiss"]
[EventRounds "9"]
[EventCountry "CZE"]
[SourceTitle "CBM 131 Extra"]
[Source "ChessBase"]
[SourceDate "2009.09.03"]
[SourceVersion "2"]
[SourceVersionDate "2009.09.16"]
[SourceQuality "1"]

1. d4 d5 2. c4 e6 3. Nc3 c6 4. e3 Bd6 5. Qc2 f5 6. h3 Nf6 7. g4 g6 8. Bd3 Ne4 9. b3 0-0 10. Bb2 Nd7 11. gxf5 gxf5 12. Nf3 Ndf6 13. 0-0-0 Bd7 14. Ne5 Be8 15. f3 Nxc3 16. Bxc3 b5 17. c5 Bxe5 18. dxe5 Nd7 19. Rdg1+ Kh8 20. Bd4 Qh4 21. Qg2 Bg6 22. Qg5 Qxg5 23. Rxg5 Kg7 24. h4 Kh6 25. Be2 Bh5 26. Rhg1 Rf7 27. Kd2 a6 28. Ke1 Rh8 29. Kf2 Re8 30. f4 Bxe2 31. Kxe2 b4 32. Ra1 Nb8 33. Rd1 Rg7 34. Rdg1 Rg6 35. Kf3 Re7 36. Rd1 Rb7 37. Rc1 Kg7 38. h5 Rxg5 39. fxg5 Rb5 40. Rc2 Ra5 41. Ke2 Rb5 42. Ke1 a5 43. Rf2 Na6 44. g6 Rb8 45. e4 dxe4 46. Be3 Nc7 47. h6+ Kxg6 48. Rg2+ Kh5 49. Rg5+ Kh4 50. Rg7 Nd5 51. Bf2+ Kh5 52. Rxh7 e3 53. Bg1 f4 54. Ke2 Kg6 55. Rd7 Kxh6 56. Rd6 Rg8 57. Rxe6+ Kh7 58. Kf1 Nc3 59. Bh2 e2+ 60. Ke1 Rg2 0-1

[Event "Oslo Sveins op 2nd"]
[Site "Oslo"]
[Date "2009.06.19"]
[Round "1"]
[White "Moe, Pal"]
[Black "Adnoy, Hallvard Voll"]
[Result "0-1"]
[WhiteElo "1807"]
[BlackElo "2299"]
[PlyCount "100"]
[EventDate "2009.06.19"]
[EventType "swiss"]
[EventRounds "9"]
[EventCountry "NOR"]
[SourceTitle "CBM 130 Extra"]
[Source "ChessBase"]
[SourceDate "2009.07.02"]
[SourceVersion "2"]
[SourceVersionDate "2009.07.15"]
[SourceQuality "1"]

1. e4 d6 2. d4 Nf6 3. Nc3 Nbd7 4. Nf3 e5 5. Bc4 Be7 6. 0-0 0-0 7. Bb3 c6 8. a4 b6 9. Bg5 a6 10. Re1 h6 11. Bxf6 Bxf6 12. dxe5 dxe5 13. Qd6 Nc5 14. Rad1 Bb7 15. Qxd8 Raxd8 16. Ba2 b5 17. axb5 axb5 18. b4 Na6 19. Rb1 Bc8 20. h3 h5 21. Kf1 g5 22. Nd1 g4 23. hxg4 hxg4 24. Ng1 Rd2 25. Re2 Rfd8 26. Ke1 Bg5 27. Ne3 R2d4 28. c3 Rxe4 29. g3 Rd3 30. Rc1 Bxe3 31. fxe3 Rexe3 32. Rxe3 Rxe3+ 33. Kf2 Rd3 34. Bb1 Rd6 35. c4 Be6 36. cxb5 cxb5 37. Be4 Rd4 38. Ke3 Rxb4 39. Ne2 Rb3+ 40. Kf2 Bc4 41. Nc3 Nc5 42. Bf5 Nd3+ 43. Bxd3 Bxd3 44. Nd5 Kg7 45. Rc7 Be4 46. Nc3 Bf3 47. Rc5 b4 48. Nd5 Rb2+ 49. Ke1 Bxd5 50. Rxd5 Kf6 0-1

[Event "Pardubice Czech op"]
[Site "Pardubice"]
[Date "2007.07.22"]
[Round "3"]
[White "Neuman, Petr"]
[Black "Adnoy, Hallvard Voll"]
[Result "1-0"]
[WhiteElo "2437"]
[BlackElo "2289"]
[PlyCount "119"]
[EventDate "2007.07.20"]
[EventType "swiss"]
[EventRounds "9"]
[EventCountry "CZE"]
[SourceTitle "CBM 119 Extra"]
[Source "ChessBase"]
[SourceDate "2007.09.04"]
[SourceVersion "1"]
[SourceVersionDate "2007.09.04"]
[SourceQuality "1"]

1. e4 g6 2. d4 Bg7 3. c4 d6 4. Nc3 e5 5. Nge2 Nc6 6. Be3 Nh6 7. d5 Ne7 8. f3 f5 9. Qd2 Nf7 10. Nc1 c5 11. Nd3 Bd7 12. Be2 b6 13. b4 f4 14. Bf2 g5 15. a4 a5 16. bxc5 dxc5 17. Nxc5 bxc5 18. Bxc5 0-0 19. Ba3 Ng6 20. c5 Nh4 21. Rg1 g4 22. c6 Qb6 23. 0-0-0 Bc8 24. Kc2 Ng5 25. Rb1 Qe3 26. Qxe3 fxe3 27. Be7 h6 28. d6 Be6 29. d7 gxf3 30. gxf3 Nhxf3 31. Bxf3 Nxf3 32. Bxf8 Rxf8 33. Rg6 Kf7 34. Rf1 Kxg6 35. Rxf3 Bf6 36. Kd3 Bxd7 37. cxd7 Rd8 38. Nd5 Bg5 39. Nb6 Bf4 40. h3 Kf7 41. Rf1 Ke7 42. Rg1 Bg5 43. Ke2 Rb8 44. Rb1 Kd8 45. Rb5 Rb7 46. Kd3 Be7 47. Nc4 Rxd7+ 48. Rd5 Rxd5+ 49. exd5 Kc7 50. Kxe3 Bf6 51. Ke4 Kd7 52. Nxa5 Kd6 53. Nc4+ Kc5 54. Nxe5 Kb4 55. d6 Kxa4 56. d7 Kb5 57. Nf7 Kc6 58. d8Q Bxd8 59. Nxd8+ Kd7 60. Nf7 1-0

[Event "NOR-ch"]
[Site "Hamar"]
[Date "2007.07.12"]
[Round "7"]
[White "Adnoy, Hallvard Voll"]
[Black "Lie, Espen"]
[Result "1/2-1/2"]
[WhiteElo "2289"]
[BlackElo "2404"]
[PlyCount "77"]
[EventDate "2007.07.07"]
[EventType "swiss"]
[EventRounds "9"]
[EventCountry "NOR"]
[SourceTitle "CBM 119 Extra"]
[Source "ChessBase"]
[SourceDate "2007.09.04"]
[SourceVersion "1"]
[SourceVersionDate "2007.09.04"]
[SourceQuality "1"]

1. e4 d5 2. exd5 Qxd5 3. Nc3 Qd6 4. d4 Nf6 5. Nge2 e6 6. g3 Qc6 7. Rg1 Bb4 8. Bg2 Qc4 9. Bd2 0-0 10. b3 Qa6 11. a4 Qa5 12. Nb1 Bxd2+ 13. Qxd2 Qxd2+ 14. Nxd2 Nbd7 15. a5 Rb8 16. Nc4 Nd5 17. 0-0-0 b5 18. axb6 axb6 19. Kb2 Bb7 20. Ra1 Nb4 21. Bxb7 Rxb7 22. Ne5 Nxe5 23. dxe5 Nc6 24. f4 Rd8 25. Rgd1 Rbb8 26. Nc3 Nd4 27. Rd3 c5 28. Rad1 Rdc8 29. Ne4 Nb5 30. Rd7 h6 31. Nd6 Nxd6 32. R1xd6 b5 33. g4 b4 34. Re7 Rd8 35. Rc7 Rdc8 36. Rdd7 Rxc7 37. Rxc7 Rb5 38. Kc1 g5 39. f5 1/2-1/2

[Event "NOR-ch"]
[Site "Hamar"]
[Date "2007.07.11"]
[Round "6"]
[White "Ostenstad, Berge"]
[Black "Adnoy, Hallvard Voll"]
[Result "0-1"]
[WhiteElo "2491"]
[BlackElo "2289"]
[PlyCount "64"]
[EventDate "2007.07.07"]
[EventType "swiss"]
[EventRounds "9"]
[EventCountry "NOR"]
[SourceTitle "CBM 119 Extra"]
[Source "ChessBase"]
[SourceDate "2007.09.04"]
[SourceVersion "1"]
[SourceVersionDate "2007.09.04"]
[SourceQuality "1"]

1. c4 e5 2. g3 Nc6 3. Bg2 g6 4. Nc3 Bg7 5. e4 d6 6. Nge2 h5 7. h4 Bg4 8. f3 Be6 9. d3 Qd7 10. Nd5 Nd4 11. Nxd4 exd4 12. 0-0 Qd8 13. b4 c6 14. Nf4 Bd7 15. Rb1 Ne7 16. Ne2 0-0 17. Bg5 Re8 18. Qc2 Qc7 19. c5 d5 20. Bf4 Qc8 21. Bc1 Bh3 22. Kh2 Bxg2 23. Kxg2 Qe6 24. Bb2 dxe4 25. fxe4 Rad8 26. Nf4 Qg4 27. Qc4 Nf5 28. exf5 Re3 29. Kh1 Rxg3 30. Qc2 Be5 31. Ng2 Rh3+ 32. Kg1 Qg3 0-1

[Event "NOR-ch"]
[Site "Hamar"]
[Date "2007.07.08"]
[Round "2"]
[White "Fyllingen, Roy Harald"]
[Black "Adnoy, Hallvard Voll"]
[Result "0-1"]
[WhiteElo "2407"]
[BlackElo "2289"]
[PlyCount "76"]
[EventDate "2007.07.07"]
[EventType "swiss"]
[EventRounds "9"]
[EventCountry "NOR"]
[SourceTitle "CBM 119 Extra"]
[Source "ChessBase"]
[SourceDate "2007.09.04"]
[SourceVersion "1"]
[SourceVersionDate "2007.09.04"]
[SourceQuality "1"]

1. d4 Nf6 2. c4 e6 3. Nf3 d5 4. Nc3 Be7 5. Bg5 0-0 6. e3 h6 7. Bh4 b6 8. Bd3 dxc4 9. Bxc4 Bb7 10. 0-0 Nbd7 11. Qd3 a6 12. a4 Nh5 13. Bg3 Nxg3 14. hxg3 c6 15. Rfd1 Bd6 16. Bb3 Qe7 17. Bc2 g6 18. a5 b5 19. Ne4 Bb4 20. Ne5 Rfd8 21. Qb3 Nxe5 22. dxe5 c5 23. Nd6 Bd5 24. Qd3 Rd7 25. e4 Bc6 26. Qe3 Kg7 27. f4 Rad8 28. Kf2 c4 29. f5 Qg5 30. f6+ Kg8 31. Qxg5 hxg5 32. Kf3 Bxd6 33. exd6 Rxd6 34. Rxd6 Rxd6 35. Ke3 e5 36. Rf1 b4 37. b3 c3 38. Bd3 Rxd3+ 0-1